Language Quiz

Random Language Quiz

Irregular yo verbs Quiz Stats

 Plays Quiz not verified by Sporcle

Score 0/20 Timer 05:00
0 Plays Today
Hint Answer % Correct
salirsalgo
99.1%
venirvengo
96.6%
traertraigo
96.3%
ponerpongo
95.5%
conocerconozco
95.2%
hacerhago
95.1%
decirdigo
92.2%
traducirtraduzco
90%
conducirconduzco
89.7%
caercaigo
88.6%
Hint Answer % Correct
oíroigo
88.5%
valervalgo
88.3%
seguirsigo
87%
dirigirdirijo
86.8%
obedecerobedezco
85.6%
escogerescojo
84.9%
producirproduzco
84.4%
parecerparezco
83.8%
distinguirdistingo
83.5%
caberquepo
81.9%

You're not logged in!

Compare scores with friends on all Sporcle quizzes.
OR
Log In

Sporcle TV

Today on Sporcle TV


Watch our educational content, quiz creation guides, and fun videos on Sporcle TV.

Show Comments

Extras

Created Aug 25, 2015ReportNominate
Tags:conjugate, irregular, verb

Top Quizzes Today


Score Distribution

Your Account Isn't Verified!

In order to create a playlist on Sporcle, you need to verify the email address you used during registration. Go to your Sporcle Settings to finish the process.

Report this User

Report this user for behavior that violates our Community Guidelines.

Details: